|
|
|
|
| LEADER |
01536cas a2200241 a 4500 |
| 001 |
AALejournalIMF005338 |
| 008 |
230101c9999 xx r poo 0 0eng d |
| 020 |
|
|
|c 5.00 USD
|
| 020 |
|
|
|z 9781451802979
|
| 022 |
|
|
|a 1934-7685
|
| 040 |
|
|
|a BD-DhAAL
|c BD-DhAAL
|
| 110 |
2 |
|
|a International Monetary Fund.
|
| 245 |
1 |
0 |
|a Burundi :
|b Selected Issues.
|
| 264 |
|
1 |
|a Washington, D.C. :
|b International Monetary Fund,
|c 2008.
|
| 300 |
|
|
|a 1 online resource (38 pages)
|
| 490 |
1 |
|
|a IMF Staff Country Reports
|
| 500 |
|
|
|a <strong>Off-Campus Access:</strong> No User ID or Password Required
|
| 500 |
|
|
|a <strong>On-Campus Access:</strong> No User ID or Password Required
|
| 506 |
|
|
|a Electronic access restricted to authorized BRAC University faculty, staff and students
|
| 520 |
3 |
|
|a This Selected Issues paper on Burundi highlights that after the Arusha Peace Agreement in 2000 Burundi has faced a wide range of challenges to generate sustained and equitable economic growth and improve social conditions. Burundi has begun to stabilize the economy, liberalized the trade and exchange regimes, reformed monetary policy, and taken steps to reinforce public financial management. GDP growth has been high during the program, except in 2005, when drought and floods reduced growth to about 1 percent of GDP.
|
| 538 |
|
|
|a Mode of access: Internet
|
| 830 |
|
0 |
|a IMF Staff Country Reports; Country Report ;
|v No. 2008/292
|
| 856 |
4 |
0 |
|z Full text available on IMF
|u http://elibrary.imf.org/view/journals/002/2008/292/002.2008.issue-292-en.xml
|z IMF e-Library
|